WandaVision Quiz (SPOILERS) - Statistics

General Stats
  • This quiz has been taken 31 times
  • The average score is 10 of 21
Answer Stats
Actor Role % Correct
Elizabeth Olsen Wanda Maximoff/Scarlet Witch
100%
Paul Bettany Vision
96%
Kathryn Hahn Agnes/Agatha Harkness
93%
Teyonah Parris Monica Rambeau
82%
Julian Hilliard Billy Maximoff
75%
Randall Park Jimmy Woo
71%
Evan Peters Ralph Bohner
71%
Jett Klyne Tommy Maximoff
71%
Kat Dennings Darcy Lewis
68%
Debra Jo Rupp Sharon Davis/Mrs. Hart
46%
Fred Melamed Todd Davis/Mr. Hart
43%
Josh Stamberg Tyler Hayward
39%
Emma Caulfield Ford Sarah Proctor/Dottie
32%
Asif Ali Abilash Tandon/Norm
25%
David Payton John Collins/Herb
25%
David Lengel Harold Proctor/Phil Jones
18%
Alan Heckner Agent Monti
14%
Selena Anduze Agent Rodriguez
14%
Ithamar Enriquez Commercial Man
14%
Victoria Blade Commerical Woman
14%
Amos Glick Dennis the Mailman/Delivery Man
14%
No matching quizzes found
Score Distribution
Percent of People with Each Score
Percentile by Number Answered
Your Score History
You have not taken this quiz